| 000 | 00397nam a2200145Ia 4500 | ||
|---|---|---|---|
| 008 | 230719s9999 xx 000 0 und d | ||
| 041 | _aeng | ||
| 082 |
_a170.44 _bSHA |
||
| 100 | _aSharma R. | ||
| 245 |
_aWho Will Cry When You Die _bLife Lessons From Monk Who Sold His Ferrari, Vol.IV |
||
| 260 |
_c2009 _bJaico Publishing House |
||
| 300 | _a210 | ||
| 365 |
_cRs. _b83.00 |
||
| 700 | _aSharma R. | ||
| 999 |
_c354440 _d354440 |
||